Statistics for Eurovision Song Lyrics - Spain

Click here to take the quiz!

General Stats

  • This quiz has been taken 18 times
  • The average score is 282 of 435

Answer Stats

Answer% Correct
mo
94%
y
94%
(Y
94%
Y
94%
yo
94%
(Yo
94%
Yo
94%
a
89%
I
89%
lo
89%
Se
89%
se
89%
slo
89%
Slo
89%
it
83%
la
83%
La
83%
señore'
83%
Te
83%
te
83%
Booty
78%
hypnotic
78%
mi
78%
No
78%
no
78%
Señora'
78%
Take
78%
un
78%
una)
78%
una
78%
video
78%
Watch
78%
watch
78%
con
72%
Con
72%
es
72%
go
72%
hay
72%
le
72%
pa
72%
Pa'
72%
Si
72%
si
72%
tengo
72%
(To
72%
to'
72%
to
72%
you
72%
Bugatti
67%
de
67%
Let's
67%
mami
67%
me
67%
more
67%
na
67%
na)
67%
(Na
67%
ready
67%
ready)
67%
siempre
67%
want
67%
boom
61%
estoy
61%
imitaciones
61%
loco
61%
Make
61%
(Solo
61%
Solo
61%
corazone'
56%
existe
56%
If
56%
Like
56%
like
56%
my
56%
reina
56%
romper
56%
(Yeah)
56%
cadera'
50%
confundan)
50%
confundan
50%
corazones
50%
Drives
50%
el
50%
El
50%
monetary
50%
que
50%
secondary
50%
toca
50%
Voy
50%
zoom
50%
está
44%
los
44%
mango
44%
problema
44%
suelo
44%
aún
39%
bajarlo
39%
cola
39%
creen
39%
dembow
39%
dembow)
39%
dura
39%
este
39%
hasta
39%
Hasta
39%
Llegó
39%
mostrárselo
39%
mundo
39%
nunca
39%
Pues
39%
the
39%
todos
39%
cara
33%
doom
33%
of
33%
On
33%
salvaje
33%
sip
33%
'toy
33%
yummy
33%
cuando
28%
daddies
28%
dando
28%
detengo
28%
final
28%
gusta
28%
Les
28%
loquito'
28%
this
28%
vuelvo
28%
way
28%
body
22%
dispara
22%
endulzo
22%
Ponte
22%
prendo
22%
shake
22%
Apenas
17%
hago
17%
(Oye)
17%
bjarlo
6%
(Haz
6%

Score Distribution

Percentile by Number Answered

Percent of People with Each Score

Your Score History

You have not taken this quiz